书目信息 |
| 题名: |
机械原理教程
|
|
| 作者: | 唐炜柏 译 | |
| 分册: | ||
| 出版信息: | 重庆 重庆大学出版社 1992.12 |
|
| 页数: | 206页 | |
| 开本: | 16开 | |
| 丛书名: | ||
| 单 册: | ||
| 中图分类: | TH111-43 | |
| 科图分类: | ||
| 主题词: | 机构学 | |
| 电子资源: | ||
| ISBN: | 7-5624-0647-2 | |
| 000 | 00545nam0 2200193 45 | |
| 001 | 0009031674 | |
| 005 | 20000903165738.6 | |
| 010 | @a7-5624-0647-2@d7.70元 | |
| 100 | @a20000903d1992 km y0chiy0120 ea | |
| 101 | 0 | @achi |
| 105 | @a z 000yy | |
| 200 | 1 | @a机械原理教程@AJi Xie Yuan Li Jiao Cheng@f唐炜柏等译@FTang Wei Bai Deng Yi |
| 210 | @a重庆@c重庆大学出版社@d1992.12 | |
| 215 | @a206页@d16开 | |
| 606 | 0 | @a机构学 |
| 690 | @aTH111-43@v3 | |
| 701 | 0 | @a唐炜柏@4译 |
| 801 | @aCN@bPftUser@c20000903 | |
| 905 | @b118582-586@dTH111-43@eT073@f5 | |
| 机械原理教程/唐炜柏等译.-重庆:重庆大学出版社,1992.12 |
| 206页;16开 |
| ISBN 7-5624-0647-2:7.70元 |
| ● |
| 相关链接 |
|
|
|
正题名:机械原理教程
索取号:TH111-43/T073
 
预约/预借
| 序号 | 登录号 | 条形码 | 馆藏地/架位号 | 状态 | 备注 |
| 1 | 118582 | 201185822 | 自科库501/501自科库 32排1列3层/ [索取号:TH111-43/T073] | 在馆 | |
| 2 | 118583 | 201185831 | 自科库501/501自科库 32排1列3层/ [索取号:TH111-43/T073] | 在馆 | |
| 3 | 118584 | 201185840 | 自科库501/501自科库 32排1列3层/ [索取号:TH111-43/T073] | 在馆 | |
| 4 | 118585 | 201185859 | 自科库501/501自科库 32排1列3层/ [索取号:TH111-43/T073] | 在馆 | |
| 5 | 118586 | 201185868 | 自科库501/501自科库 32排1列3层/ [索取号:TH111-43/T073] | 在馆 |